|
|
|
|
| LEADER |
00000naa a2200000uu 4500 |
| 001 |
vtls011084975 |
| 003 |
SK-MaSNL |
| 005 |
20260302105103.0 |
| 008 |
220810|1996 xo |||||||||||||||||cze| |
| 015 |
|
|
|a SNBRA
|
| 035 |
|
|
|a (urnnbn)urn:nbn:sk:snk:ar-a0clnd
|
| 035 |
|
|
|a (uuid)f8f5ec6a-3eea-458e-9d79-bef61722383f
|
| 035 |
|
|
|a urn:nbn:sk:snk-aavrje
|
| 040 |
|
|
|a SNKBUCL
|b slo
|c SNKBUCL
|e AACR2
|
| 041 |
0 |
|
|a cze
|
| 044 |
|
|
|a xo
|c SK
|
| 100 |
1 |
|
|a Kužel, Stanislav
|4 aut
|9 268293
|
| 245 |
1 |
0 |
|a PROSTOROVÁ VARIABILITA KADMIA A NĚKTERÝCH CHARAKTERISTIK PŮDY
|c Stanislav KUŽEL, Petr CÍGLER, Richard TICHÝ
|
| 700 |
1 |
|
|a Cígler, Petr
|4 aut
|9 783208
|
| 700 |
1 |
|
|a Tichý, Richard
|4 aut
|9 783209
|
| 773 |
0 |
|
|t Zborník z medzinárodnej vedeckej konferencie "Agronomická fakulta a vývoj poľnohospodárstva na Slovensku"
|d Nitra : Vysoká škola poľnohospodárska, 1996
|g S. 136-140
|z 8071372765
|
| 954 |
|
|
|a odborná, vedecká literatúra cudzojazyčná (svetová)
|2 lita
|
| 958 |
|
|
|a OND
|
| 958 |
|
|
|a article12
|
| 958 |
|
|
|a chapter
|
| 999 |
|
|
|c 1237348
|d 1239278
|